[Event "GER-ch-Seniors-50 2019"]
[Site "Radebeul"]
[Date "2019.05.03"]
[Round "8.5"]
[White "Loew, Gerald"]
[Black "Kierzek, Mira"]
[Result "1-0"]
[WhiteElo "2157"]
[BlackElo "1978"]
[Annotator "NA"]
[PlyCount "105"]
[EventDate "2019.04.26"]
[EventType "swiss"]
[EventCountry "GER"]
[SourceTitle "playchess.com"]
[Source "ChessBase"]
[SourceQuality "1"]
[TimeControl "40/5400+30:1800+30"]

1. c4 {[%emt 0:00:00]} c5 {[%emt 0:00:00]} 2. g3 {[%emt 0:00:00]} Nc6 {[%emt 0:00:00]} 3. Bg2 {[%emt 0:00:00]} g6 {[%emt 0:00:11]} 4. Nc3 {[%emt 0:00:08]} Bg7 {[%emt 0:00:59]} 5. a3 {[%emt 0:00:11]} a5 {[%emt 0:01:06]} 6. Nf3 {[%emt 0:02:53]} e5 {[%emt 0:01:59]} 7. d4 {[%emt 0:04:33]} cxd4 {[%emt 0:04:29]} 8. Nb5 {[%emt 0:00:11]} d6 {[%emt 0:08:29]} 9. e3 {[%emt 0:00:16]} Nge7 {[%emt 0:01:31]} 10. exd4 {[%emt 0:01:39]} O-O {[%emt 0:02:37]} 11. O-O {[%emt 0:04:59]} Rb8 {[%emt 0:18:20]} 12. d5 {[%emt 0:08:57]} e4 {[%emt 0:00:53]} 13. Ng5 {[%emt 0:08:53]} Ne5 {[%emt 0:01:07]} 14. Nxe4 {[%emt 0:01:46]} Nxc4 {[%emt 0:01:56]} 15. Qb3 {[%emt 0:01:57]} f5 {[%emt 0:04:53]} 16. Qxc4 {[%emt 0:13:45]} fxe4 {[%emt 0:00:52]} 17. Qxe4 {[%emt 0:05:45]} Bf5 {[%emt 0:00:22]} 18. Qe2 {[%emt 0:00:48]} Re8 {[%emt 0:09:36]} 19. Re1 {[%emt 0:06:01]} Qd7 {[%emt 0:04:41]} 20. Bg5 {[%emt 0:06:48]} Nc6 {[%emt 0:02:16]} 21. dxc6 {[%emt 0:06:46]} bxc6 {[%emt 0:00:35]} 22. Qc4+ {[%emt 0:05:11]} d5 {[%emt 0:00:24]} 23. Rxe8+ {[%emt 0:00:41]} Rxe8 {[%emt 0:05:24]} 24. Qc5 {[%emt 0:02:06]} cxb5 {[%emt 0:08:19]} 25. Bxd5+ {[%emt 0:01:13]} Kh8 {[%emt 0:00:09]} 26. Bc6 {[%emt 0:00:55]} Rc8 {[%emt 0:00:26]} 27. Rc1 {[%emt 0:05:15]} Qd4 {[%emt 0:09:09]} 28. Qxd4 {[%emt 0:04:22]} Bxd4 {[%emt 0:00:07]} 29. Bxb5 {[%emt 0:01:41]} Bxb2 {[%emt 0:00:50]} 30. Rxc8+ {[%emt 0:00:38]} Bxc8 {[%emt 0:00:02]} 31. a4 {[%emt 0:01:45]} Bc3 {[%emt 0:00:14]} 32. Bh6 {[%emt 0:01:20]} Be6 {[%emt 0:01:20]} 33. f3 {[%emt 0:01:12]} Kg8 {[%emt 0:00:25]} 34. Be8 {[%emt 0:01:05]} Bf7 {[%emt 0:01:14]} 35. Bxf7+ {[%emt 0:00:50]} Kxf7 {[%emt 0:00:10]} 36. Kf2 {[%emt 0:00:23]} Ke6 {[%emt 0:00:54]} 37. Ke3 {[%emt 0:00:34]} Kd5 {[%emt 0:00:16]} 38. Kd3 {[%emt 0:00:08]} Bb4 {[%emt 0:03:08]} 39. Be3 {[%emt 0:01:18]} Be1 {[%emt 0:03:45]} 40. Bd4 {[%emt 0:00:34]} Bb4 {[%emt 0:00:13]} 41. Bc3 {[%emt 0:04:27]} Kc5 {[%emt 0:01:17]} 42. f4 {[%emt 0:09:30]} h5 {[%emt 0:07:30]} 43. h3 {[%emt 0:00:57]} Bxc3 {[%emt 0:03:04]} 44. Kxc3 {[%emt 0:00:12]} Kd5 {[%emt 0:00:05]} 45. Kd3 {[%emt 0:01:09]} Kc5 {[%emt 0:00:09]} 46. g4 {[%emt 0:01:16]} hxg4 {[%emt 0:01:52]} 47. hxg4 {[%emt 0:00:05]} Kd5 {[%emt 0:04:53]} 48. Ke3 {[%emt 0:01:59]} Kc5 {[%emt 0:04:06]} 49. f5 {[%emt 0:03:12]} gxf5 {[%emt 0:00:09]} 50. gxf5 {[%emt 0:00:05]} Kd5 {[%emt 0:00:33]} 51. Kf4 {[%emt 0:00:18]} Kd6 {[%emt 0:00:32]} 52. Kg5 {[%emt 0:00:13]} Ke7 {[%emt 0:00:18]} 53. Kg6 {[%emt 0:00:06]} 1-0

[Event "GER-ch-Seniors-50 2019"]
[Site "Radebeul"]
[Date "2019.05.03"]
[Round "8.6"]
[White "Bohnstorff, Michael"]
[Black "Pirrot, Dieter"]
[Result "0-1"]
[WhiteElo "2044"]
[BlackElo "2334"]
[Annotator "NA"]
[PlyCount "128"]
[EventDate "2019.04.26"]
[EventType "swiss"]
[EventCountry "GER"]
[SourceTitle "playchess.com"]
[Source "ChessBase"]
[SourceQuality "1"]
[TimeControl "40/5400+30:1800+30"]

1. d4 {[%emt 0:00:00]} e6 {[%emt 0:00:00]} 2. Nf3 {[%emt 0:01:12]} f5 {[%emt 0:00:00]} 3. g3 {[%emt 0:01:45]} Nf6 {[%emt 0:00:01]} 4. Bg2 {[%emt 0:00:07]} Be7 {[%emt 0:00:14]} 5. c4 {[%emt 0:03:43]} d6 {[%emt 0:00:17]} 6. Nc3 {[%emt 0:02:16]} O-O {[%emt 0:00:22]} 7. O-O {[%emt 0:00:30]} Ne4 {[%emt 0:00:08]} 8. Qc2 {[%emt 0:05:05]} Nxc3 {[%emt 0:00:11]} 9. Qxc3 {[%emt 0:01:18]} a5 {[%emt 0:00:24]} 10. b3 {[%emt 0:02:50]} Nc6 {[%emt 0:00:28]} 11. Bb2 {[%emt 0:03:37]} Bf6 {[%emt 0:00:11]} 12. Rad1 {[%emt 0:01:52] A96: Classical Dutch: Fluid Systems: Early deviations} Qe7 {[%emt 0:01:50]} 13. e3 {[%emt 0:13:52]} (13. Rfe1 e5 14. dxe5 dxe5 15. e4 fxe4 16. Nd2 Bg4 17. Ra1 Nd4 18. Kh1 Bg5 19. Nxe4 Bf3 {½-½ (75) Jianu,V (2555)-Gallagher,J (2507) Legnica 2013}) 13... e5 {[%emt 0:02:42]} 14. dxe5 {[%emt 0:06:40]} dxe5 {[%emt 0:00:14]} 15. Qc1 $146 {[%emt 0:00:55]} ({Predecessor:} 15. Qc2 Be6 16. Rd2 g5 17. Rfd1 Qg7 18. Ne1 e4 19. Bxf6 Qxf6 {1-0 (52) Decosse,J (2440)-Leruste,G (2270) Le Port Marly 2012}) 15... e4 {[%emt 0:10:57]} 16. Bxf6 {[%emt 0:07:56]} Rxf6 {[%emt 0:00:30]} 17. Nd4 {[%emt 0:00:47]} Nb4 {[%emt 0:05:22]} 18. a4 {[%emt 0:05:52]} c6 {[%emt 0:06:14]} 19. Qc3 $11 {[%emt 0:00:34]} Bd7 {[%emt 0:01:51]} 20. Rfe1 {[%emt 0:05:36]} Rd8 {[%emt 0:16:09]} 21. Bf1 {[%emt 0:00:47]} c5 {[%emt 0:05:16]} 22. Nb5 {[%emt 0:02:11]} b6 {[%emt 0:00:29]} 23. Rd2 {[%emt 0:04:45]} Bxb5 {[%emt 0:02:09]} 24. Rxd8+ {[%emt 0:00:52]} Qxd8 {[%emt 0:00:09]} 25. cxb5 {[%emt 0:00:39]} h6 {[%emt 0:05:24]} 26. Bc4+ {[%emt 0:02:04]} Kh7 {[%emt 0:00:08]} 27. Kg2 {[%emt 0:02:23]} Qe7 {[%emt 0:03:57]} 28. Rd1 {[%emt 0:01:38]} Rd6 {[%emt 0:00:12]} 29. Rxd6 {[%emt 0:03:02]} Qxd6 {[%emt 0:00:08]} 30. Be2 {[%emt 0:00:12]} Nd3 {[%emt 0:02:58]} 31. f4 {[%emt 0:03:27]} exf3+ {[%emt 0:05:34]} 32. Bxf3 {[%emt 0:00:08]} Ne5 {[%emt 0:01:04]} 33. e4 {[%emt 0:03:17]} g6 {[%emt 0:03:05]} 34. exf5 {[%emt 0:00:38]} gxf5 {[%emt 0:00:08]} 35. Be2 {[%emt 0:02:24]} Kg6 {[%emt 0:02:32]} 36. h3 {[%emt 0:01:08]} Qd4 {[%emt 0:02:19]} 37. Qc2 {[%emt 0:02:32]} Kg5 {[%emt 0:03:30]} 38. Qc1+ {[%emt 0:00:53]} f4 {[%emt 0:02:44]} 39. gxf4+ {[%emt 0:05:23]} Qxf4 {[%emt 0:00:13]} 40. Qd1 {[%emt 0:02:26]} Qe4+ {[%emt 0:03:28]} 41. Kh2 {[%emt 0:32:34]} Qe3 {[%emt 0:40:10]} 42. Kg2 {[%emt 0:00:00]} Kf4 {[%emt 0:00:00]} 43. Qf1+ {[%emt 0:00:00]} Ke4 {[%emt 0:00:00]} 44. Qb1+ {[%emt 0:00:00]} Kd4 {[%emt 0:00:00]} 45. Qa1+ {[%emt 0:00:00]} Qc3 {[%emt 0:00:00]} 46. Qg1+ {[%emt 0:00:00]} Ke4 {[%emt 0:00:00]} 47. Qd1 {[%emt 0:00:00]} Ke3 {[%emt 0:00:00]} 48. Kg3 {[%emt 0:00:00]} Qd4 {[%emt 0:00:00]} 49. Qf1 {[%emt 0:00:00]} Qc3 {[%emt 0:00:00]} 50. Qd1 {[%emt 0:00:00]} Ng6 {[%emt 0:00:00]} 51. Bg4 {[%emt 0:00:00]} Qe5+ {[%emt 0:00:00]} 52. Kg2 {[%emt 0:00:00]} Nf4+ {[%emt 0:00:00]} 53. Kf1 {[%emt 0:00:00]} Qe4 {[%emt 0:00:00]} 54. Qe1+ {[%emt 0:00:54]} Kd4 {[%emt 0:00:00]} 55. Qxe4+ {[%emt 0:02:46]} Kxe4 {[%emt 0:00:00]} 56. Kf2 {[%emt 0:00:24]} Nd3+ {[%emt 0:00:00]} 57. Kg3 {[%emt 0:00:11]} Nc1 {[%emt 0:01:20]} 58. Be6 {[%emt 0:00:32]} Kd4 {[%emt 0:03:14]} 59. Kg4 {[%emt 0:00:20]} Kc3 {[%emt 0:00:19]} 60. Kh5 {[%emt 0:00:20]} Nxb3 {[%emt 0:00:33]} 61. Kxh6 {[%emt 0:00:58]} Nd4 {[%emt 0:00:14]} 62. Bg4 {[%emt 0:00:34]} Kd2 {[%emt 0:00:35]} 63. Bh5 {[%emt 0:02:59]} c4 {[%emt 0:00:27]} 64. Bg6 {[%emt 0:00:51]} Nf3 0-1

[Event "GER-ch-Seniors-50 2019"]
[Site "Radebeul"]
[Date "2019.05.04"]
[Round "9.1"]
[White "Becker, Michael"]
[Black "Stahr, Ralf-Peter"]
[Result "1/2-1/2"]
[WhiteElo "2273"]
[BlackElo "2160"]
[Annotator "TA"]
[PlyCount "22"]
[EventDate "2019.04.26"]
[EventType "swiss"]
[EventCountry "GER"]
[SourceTitle "playchess.com"]
[Source "ChessBase"]
[SourceQuality "1"]

{[%evp 12,22,0,0,0,8,10,4,9,0,10,-14,50]} 1. e4 c5 2. Nf3 Nc6 3. d4 cxd4 4. Nxd4 g6 5. Nc3 Bg7 6. Nde2 Nf6 7. g3 {The position is equal.} h5 {B34: Sicilian: Accelerated Dragon with 5 Nc3: sidelines} (7... b5 8. Bg2 Rb8 9. O-O O-O 10. h3 a5 11. a3 d6 12. Be3 Nd7 13. Rb1 b4 14. axb4 axb4 15. Nd5 Ba6 16. Re1 e6 17. Ndf4 Qc7 18. Qd2 Nce5 19. b3 Rfc8 {1-0 (58) Caruana,F (2808)-Vachier Lagrave,M (2796) Stavanger 2017}) 8. h3 d6 9. Bg2 Bd7 10. Be3 Ne5 11. b3 Bc8 $146 (11... h4 $11) ({Predecessor:} 11... Rc8 12. f4 Nc6 13. Qd2 Qa5 14. Rc1 {1-0 (42) Romanishin,O (2585)-Chekhov,V (2510) Sochi 1983}) 1/2-1/2

[Event "GER-ch-Seniors-50 2019"]
[Site "Radebeul"]
[Date "2019.05.04"]
[Round "9.2"]
[White "Metz, Hartmut"]
[Black "Belke, Frank"]
[Result "0-1"]
[WhiteElo "2251"]
[BlackElo "2283"]
[Annotator "TA"]
[PlyCount "92"]
[EventDate "2019.04.26"]
[EventType "swiss"]
[EventCountry "GER"]
[SourceTitle "playchess.com"]
[Source "ChessBase"]
[SourceQuality "1"]

{[%evp 9,92,-4,6,-4,0,6,4,12,13,8,8,-39,-48,-107,-101,-133,-138,-125,-95,-93,-94,-85,-86,-81,-35,-27,-3,-14,0,0,0,-66,-53,-89,-95,-123,-122,-120,-128,-112,-105,-116,-113,-118,-129,-123,-116,-178,-189,-185,-181,-239,-232,-245,-241,-236,-226,-264,-256,-238,-204,-214,-166,-279,-162,-163,-159,-317,-310,-316,-286,-560,-624,-637,-617,-669,-501,-953,-953,-1734,-1734,-1700,-1640,-1614,-1540]} 1. e4 e6 2. d3 d5 3. Qe2 Nc6 4. Nf3 e5 (4... Nf6 5. Bf4 dxe4 6. dxe4 Nd4 7. Qc4 Nxf3+ 8. gxf3 c6 9. Qc3 Nh5 10. Be3 Qf6 11. e5 Qh4 {0-1 (34) Huschenbeth,N (2585)-Meier,G (2644) Dresden 2017}) 5. exd5 Qxd5 6. Nc3 {C00: French: Unusual White 2nd moves} Bb4 7. Bd2 Bxc3 8. Bxc3 {[%cal Rf3e5] The position is equal.} Bg4 9. Qe4 Bxf3 10. gxf3 Nf6 11. Qa4 (11. Qxd5 $15 Nxd5 12. O-O-O) 11... O-O $146 ({Reject} 11... Qxf3 $6 12. Rg1 $11) ({Predecessor:} 11... b5) 12. O-O-O Nd4 13. Rg1 b5 14. Qa6 {Hoping for Qxf6.} c6 ({Inferior is} 14... Nxf3 15. Bg2 $16) 15. f4 exf4 16. Kb1 Rad8 (16... Rfe8 {looks sharper.} 17. a3 f3 18. Bh3 Rad8 19. Bxd4 Qxd4 20. Qxc6 Nd5) 17. Bg2 f3 18. Bxd4 Qxd4 19. Bxf3 Rd6 20. Rg2 (20. Qb7 $11) 20... Nd7 $15 21. Qa5 Ne5 $36 {[%mdl 2048] Black has strong initiative.} 22. Be2 {[#]} Nc4 $1 {[%csl Gc4][%cal Rd4b2][%mdl 512]} 23. Qc3 (23. dxc4 Qxd1+) 23... Qxc3 24. bxc3 {[#]} Nb6 $1 25. Rdg1 g6 26. Kc1 Re8 27. Bf3 Kf8 28. Rg4 {[#]} (28. Rg3 $17) 28... Rf6 $1 $19 {[%cal Rf6f3]} 29. R4g3 Re5 30. R1g2 (30. Rf1 $142) 30... Re1+ 31. Kd2 Ra1 32. Be4 Rxa2 33. Rg5 Nd7 34. f4 Ra1 35. f5 a5 {[%cal Ba7a5,Ba5a4][%mdl 32]} 36. h4 (36. fxg6 $142 hxg6 37. Rg1 Rxg1 38. Rxg1) 36... Rh1 (36... h6 $142 37. R5g3 gxf5 38. Rg8+ Ke7) 37. fxg6 hxg6 38. R5g4 $2 (38. h5 $17 {was necessary.} Rxh5 39. Rxh5 gxh5 40. c4) 38... a4 {...Rhf1 is the strong threat.} 39. Rg1 Rh2+ 40. R1g2 $2 (40. Kc1 {was called for.}) 40... Rf2+ {Black is clearly winning.} 41. Rxf2 Rxf2+ {KRB-KRN} 42. Ke3 Rxc2 43. Bxc6 (43. Rf4 $142 Rxc3 44. Bxg6) 43... Ne5 {[%mdl 64] Double Attack} 44. Rg2 Rxg2 45. Bxg2 a3 46. Bd5 {[#]} Nc4+ $1 {[%mdl 576] Promotion. Accuracy: White = 45%, Black = 72%.} 0-1

[Event "GER-ch-Seniors-50 2019"]
[Site "Radebeul"]
[Date "2019.05.04"]
[Round "9.3"]
[White "Schmidt, Gerhard"]
[Black "Nekrasov, Mihail"]
[Result "1/2-1/2"]
[WhiteElo "2077"]
[BlackElo "2277"]
[Annotator "RC"]
[PlyCount "50"]
[EventDate "2019.04.26"]
[EventType "swiss"]
[EventCountry "GER"]
[SourceTitle "playchess.com"]
[Source "ChessBase"]
[SourceQuality "1"]
[TimeControl "40/5400+30:1800+30"]

1. Nf3 {[%emt 0:00:00]} d5 {[%emt 0:00:00]} 2. d4 {[%emt 0:00:00]} Nf6 {[%emt 0:00:03]} 3. c4 {[%emt 0:00:19]} e6 {[%emt 0:00:22]} 4. g3 {[%emt 0:00:25]} dxc4 {[%emt 0:00:15]} 5. Bg2 {[%emt 0:00:30]} Nc6 {[%emt 0:00:12]} 6. Qa4 {[%emt 0:00:36]} Bb4+ {[%emt 0:00:14]} 7. Bd2 {[%emt 0:00:33]} Nd5 {[%emt 0:00:11]} 8. Bxb4 {[%emt 0:00:43]} Ndxb4 {[%emt 0:00:12]} 9. O-O {[%emt 0:01:10]} Rb8 {[%emt 0:05:13]} 10. Nc3 {[%emt 0:01:07]} a6 {[%emt 0:01:49]} 11. Ne5 {[%emt 0:00:52]} O-O {[%emt 0:00:23]} 12. Nxc6 {[%emt 0:00:29]} Nxc6 {[%emt 0:00:09]} 13. Bxc6 {[%emt 0:00:26]} bxc6 {[%emt 0:00:08]} 14. Qxc4 {[%emt 0:00:20]} Qd6 {[%emt 0:00:25]} 15. Qc5 {[%emt 0:17:33]} Qxc5 {[%emt 0:18:47]} 16. dxc5 {[%emt 0:00:10]} Rxb2 {[%emt 0:00:05]} 17. Rab1 {[%emt 0:01:08]} Rc2 {[%emt 0:00:37]} 18. Rfc1 {[%emt 0:00:58]} Rxc1+ {[%emt 0:00:40]} 19. Rxc1 {[%emt 0:00:07]} e5 {[%emt 0:00:00]} 20. Rb1 {[%emt 0:01:33]} Be6 {[%emt 0:00:00]} 21. Rb7 {[%emt 0:01:08]} Rc8 {[%emt 0:00:00]} 22. f4 {[%emt 0:03:04]} exf4 {[%emt 0:02:33]} 23. gxf4 {[%emt 0:00:17]} f5 {[%emt 0:00:07]} 24. Kf2 {[%emt 0:03:59]} Kf7 {[%emt 0:03:10]} 25. a3 {[%emt 0:01:22]} Ke7 {[%emt 0:10:46]} 1/2-1/2

[Event "GER-ch-Seniors-50 2019"]
[Site "Radebeul"]
[Date "2019.05.04"]
[Round "9.4"]
[White "Pirrot, Dieter"]
[Black "Mueller, Rudolf"]
[Result "1-0"]
[WhiteElo "2334"]
[BlackElo "2071"]
[Annotator "NA RC"]
[PlyCount "79"]
[EventDate "2019.04.26"]
[EventType "swiss"]
[EventCountry "GER"]
[SourceTitle "playchess.com"]
[Source "ChessBase"]
[SourceQuality "1"]
[TimeControl "40/5400+30:1800+30"]

{[%evp 13,79,51,32767,32767,32767,32767,58,49,70,39,69,62,81,76,65,62,82,58,88,22,132,21,108,136,291,276,343,293,327,343,340,331,325,418,357,307,279,151,879,990,777,828,937,1158,1359,1042,1049,1263,1141,1052,1073,1124,1120,754,1227,1650,2031,2362,2734,2410,1942,540,32767,5297,29968,32767,29988,29989]} 1. e4 {[%emt 0:00:00]} b6 {[%emt 0:00:00]} 2. d4 {[%emt 0:00:00]} e6 {[%emt 0:00:00]} 3. Nf3 {[%emt 0:00:21]} Bb7 {[%emt 0:00:04]} 4. Bd3 {[%emt 0:00:12]} c5 {[%emt 0:01:57]} 5. c3 {[%emt 0:00:09]} cxd4 {[%emt 0:00:19]} 6. cxd4 {[%emt 0:00:11]} Bb4+ {[%emt 0:00:18]} 7. Nc3 {[%emt 0:04:24] B00: Queen's Fianchetto Defence, Nimzowitsch Defence} (7. Bd2 Bxd2+ 8. Nbxd2 Ne7 9. e5 h6 10. Ne4 O-O 11. b4 Nf5 12. g4 Nh4 13. g5 Bxe4 14. Bxe4 Nxf3+ 15. Bxf3 {0-1 (27) Muha,M (2362)-Robulj,N (2297) Grohote 2018}) 7... Ne7 {[%emt 0:00:13]} 8. O-O {[%emt 0:00:36]} O-O {[%emt 0:01:03]} 9. Bg5 {[%emt 0:06:26]} Bxc3 {[%emt 0:03:34]} 10. bxc3 {[%emt 0:00:08]} f6 {[%emt 0:00:14]} 11. Bh4 {[%emt 0:01:45]} Ng6 {[%emt 0:09:04]} 12. Bg3 {[%emt 0:00:08]} d6 $146 {[%emt 0:01:20]} ({Predecessor:} 12... Nc6 13. Re1 Rc8 14. Bd6 Rf7 {1-0 (58) Osinga,A (1858)-Dubbeldam,M (1364) Rotterdam 2014}) 13. Qb3 {[%emt 0:08:37]} d5 {[%emt 0:07:29]} 14. Rfe1 {[%emt 0:00:32]} Re8 {[%emt 0:07:23]} 15. h4 {[%emt 0:01:46]} Nc6 {[%emt 0:01:53]} 16. h5 {[%emt 0:16:40]} ({White should try} 16. e5 $16) 16... Nf8 {[%emt 0:00:59]} (16... Na5 $11 17. Qc2 dxe4 18. Bxe4 (18. hxg6 exd3 19. gxh7+ Kxh7 $11) 18... Bxe4 19. Rxe4 (19. Qxe4 Nf8 $14) 19... Nf8) 17. h6 {[%emt 0:03:27]} g5 {[%emt 0:03:51]} (17... Na5 $14 18. Qc2 dxe4 19. Bxe4 Bxe4 20. Qxe4 (20. Rxe4 g5 $14) 20... Qd5) 18. exd5 {[%emt 0:02:12]} Na5 $2 {[%emt 0:02:48]} (18... Qxd5 $16 {was necessary.} 19. Qxd5 exd5) 19. Qc2 {[%emt 0:00:35]} Bxd5 {[%emt 0:00:33] [#]} 20. Bxh7+ $1 {[%emt 0:00:51]} Kh8 {[%emt 0:01:00]} 21. Nxg5 {[%emt 0:18:26]} Qd7 {[%emt 0:03:15]} 22. Bd3 {[%emt 0:01:30]} fxg5 {[%emt 0:02:53]} 23. Be5+ {[%emt 0:05:27]} Kg8 {[%emt 0:00:49]} 24. Re3 {[%emt 0:00:29]} Nc6 {[%emt 0:11:50]} 25. Bf6 {[%emt 0:09:55]} (25. c4 $18) 25... Re7 $2 {[%emt 0:03:51]} (25... Qf7 26. Bxg5 e5) 26. Rg3 {[%emt 0:01:12]} Kf7 {[%emt 0:05:04]} 27. Bxg5 {[%emt 0:00:17]} e5 {[%emt 0:04:51]} 28. Bxe7 {[%emt 0:04:42]} Nxe7 {[%emt 0:00:26]} 29. dxe5 {[%emt 0:01:07]} Qc6 {[%emt 0:05:49]} 30. Rg7+ {[%emt 0:02:05]} Ke8 {[%emt 0:04:16]} 31. c4 {[%emt 0:02:14]} Bf7 {[%emt 0:02:40] [#]} 32. Be4 $1 {[%emt 0:01:12] Skewer} Qxh6 {[%emt 0:00:20]} 33. Rxf7 {[%emt 0:00:07]} Rd8 {[%emt 0:00:47]} 34. Rf6 {[%emt 0:00:22]} Qg5 {[%emt 0:01:30]} 35. Qa4+ {[%emt 0:03:00]} Nd7 {[%emt 0:00:50]} 36. Rd1 {[%emt 0:00:49]} Qxe5 {[%emt 0:01:20]} 37. Bg6+ {[%emt 0:00:36]} Nxg6 {[%emt 0:00:56]} 38. Rxg6 {[%emt 0:00:07]} Ke7 {[%emt 0:02:35]} 39. Qxa7 {[%emt 0:01:17]} Qh5 {[%emt 0:01:19]} 40. Rg7+ {[%emt 0:00:27]} 1-0

[Event "GER-ch-Seniors-50 2019"]
[Site "Radebeul"]
[Date "2019.05.04"]
[Round "9.5"]
[White "Mueller, Michael"]
[Black "Steiger, Michael"]
[Result "1/2-1/2"]
[WhiteElo "2163"]
[BlackElo "1982"]
[Annotator "TA"]
[PlyCount "194"]
[EventDate "2019.04.26"]
[EventType "swiss"]
[EventCountry "GER"]
[SourceTitle "playchess.com"]
[Source "ChessBase"]
[SourceQuality "1"]

{[%evp 21,194,34,43,11,140,131,114,121,185,173,302,216,308,307,337,291,275,276,281,278,282,283,283,269,264,247,251,251,262,228,299,288,283,282,247,262,245,197,227,206,197,191,188,141,166,122,141,127,125,10,149,141,141,118,127,125,149,152,135,134,163,159,152,152,159,152,152,152,152,152,158,152,154,162,162,162,161,142,189,142,142,142,142,142,203,142,239,97,97,97,97,85,91,65,91,65,82,65,91,91,97,65,70,65,65,65,65,65,65,65,65,65,97,91,97,97,97,91,91,65,97,91,97,97,97,97,97,91,91,91,99,0,15,15,70,13,13,13,13,13,13,13,15,0,15,0,0,0,151,151,151,151,151,151,151,151,151,151,151,151,151,151,151,151,151,151,151,151,151,151,151,151,151,151,151]} 1. d4 Nf6 2. Nf3 e6 3. g3 d5 4. Bg2 Be7 5. O-O O-O 6. c4 c6 7. Nc3 Nbd7 8. b3 b6 9. Bb2 Ba6 10. Nd2 Rc8 11. e4 dxe4 12. Ndxe4 {E07: Closed Catalan: Main Line (5 Nf3 0-0 6 0-0 Nbd7)} (12. Re1 c5 13. Ndxe4 cxd4 14. Qxd4 Nc5 15. Qe3 Qc7 16. Nxc5 Bxc5 17. Qf3 Rfd8 18. Ne2 Qe7 19. Rad1 Rxd1 20. Rxd1 {½-½ (48) Kramnik,V (2796)-Karjakin,S (2762) Nizhnij Novgorod 2013}) 12... c5 (12... b5 $11) 13. d5 $16 exd5 14. Nxd5 {White is better.} Nxe4 $146 (14... Nxd5 $16 {was necessary.} 15. Qxd5 Qc7) ({Predecessor:} 14... Nxd5 15. Qxd5 Qc7 16. Rfe1 Bb7 17. Qh5 Bxe4 18. Bxe4 h6 19. Bh7+ Kxh7 20. Rxe7 {1-0 (20) Nikolic,P (2629)-Koehn,P (2350) Germany 1999}) 15. Bxe4 $18 Bd6 (15... Nf6 $142) 16. Qc2 h6 (16... Be5 $142 17. Bxh7+ Kh8) 17. Rad1 (17. Qc3 Be5 $14) (17. Bh7+ $6 Kh8 $18) 17... Be5 18. Bxe5 Nxe5 {[#]} 19. Nb4 $1 {[%mdl 512]} cxb4 20. Rxd8 Rfxd8 21. Rd1 Re8 22. Bd5 Rc7 23. h3 Bc8 24. Kg2 Nd7 25. Bf3 Nf6 26. Rd6 Bb7 27. Bxb7 Rxb7 28. Qd1 Rbb8 29. Qd4 Rbc8 30. Qd3 Ne4 31. Rd4 Nc5 32. Qf5 Rc6 33. Rf4 Rf6 34. Qg4 {Rxf6 is the strong threat.} Rfe6 35. Rd4 (35. Qf3 $16) 35... Kh7 (35... Re2 $11 {keeps the balance.}) 36. Qf5+ Kg8 37. Qd5 Rf6 38. Rd2 Rfe6 39. h4 Kf8 40. Rc2 Kg8 41. a3 bxa3 42. b4 Re5 43. Qf3 Ne4 44. Qxa3 a5 45. bxa5 Rxa5 46. Qb2 Rc8 47. Qxb6 Rac5 48. f3 Nf6 49. Kh3 Nd5 50. Qb3 (50. cxd5 Rxc2 51. h5 Re2 $11) 50... Nf6 51. Qd3 h5 52. Kg2 R8c7 (52... Nh7 $16 {keeps fighting.} 53. Kh3 Nf8) 53. Kf2 Nd7 (53... Rc8 $16 54. Kg1 Nh7) 54. Rb2 (54. Ra2 $18 Nb6 55. Ra6 Nxc4 56. Ra8+ (56. Qd8+ Kh7 $16) 56... Rc8 57. Rxc8+ Rxc8 {[#]} 58. Qf5 $1 {[%mdl 512]}) 54... Rxc4 $16 55. Qd6 (55. Kg2 {with more complications.} Rc3 56. Qd5 R3c5 57. Qa8+ Rc8 58. Qa7) 55... R4c6 56. Qe7 {And now Qe8+ would win.} (56. Qd4 {seems wilder.} g6 57. Kg2 Nf8 58. Rb8 Rc2+ 59. Kh3) 56... Nf8 57. Qe2 (57. Qe5 {is more complex.} Rc5 58. Qe4 g6 59. Qa8 Kg7 60. Qa1) 57... Rc8 58. Rd2 Rc3 59. Kg2 R3c5 60. Qe4 Rc4 61. Qf5 R4c5 62. Qf4 (62. Qd3 {feels hotter.} Ne6 63. Ra2 Rc1 64. f4 R1c3 65. Qd1) 62... Ne6 63. Qe3 Rc3 64. Qa7 R3c7 65. Qa2 Rc5 66. Rb2 R5c7 67. Kh3 Rc1 68. Qa7 R8c7 69. Qa4 Rc8 70. Qd7 R1c7 71. Qd2 Kf8 72. Rb5 g6 73. Qb2 Kg8 74. Qf6 Rc1 75. Rb7 Rf8 76. f4 (76. Re7 $16 {Threatens to win with Rxe6.} Ng7 77. g4) 76... Rc5 77. Qb2 Rf5 (77... Rd5 $11) 78. Rb5 (78. Rb8 $14) 78... Rxb5 $11 79. Qxb5 {[%mdl 4096] Endgame KQ-KRN} Ng7 80. g4 hxg4+ 81. Kxg4 Rd8 82. Qb6 Re8 83. h5 Nxh5 84. f5 gxf5+ $2 (84... Re4+ $11 85. Kh3 (85. Kg5 Re5 $11) 85... gxf5) 85. Kxh5 {KQ-KR. White is clearly better.} ({Don't take} 85. Kxf5 $6 Ng3+ 86. Kg4 Ne2 $14) 85... Re6 86. Qd8+ Kg7 87. Kg5 Rg6+ 88. Kxf5 Re6 89. Qd4+ Kg8 90. Qc3 Kh7 91. Qg3 Rg6 92. Qh4+ Kg7 93. Qe7 Re6 94. Qd8 Rg6 95. Qd4+ Kg8 96. Qc3 Kh7 97. Qe5 Kg8 {Accuracy: White = 49%, Black = 51%.} 1/2-1/2